000 00431nam a2200157Ia 4500
008 210210b1972 xxu||||| |||| 00| 0 eng d
020 _a0 210 31169 X
082 _a342.029 PYLC
100 _aPYLEE (M V).
245 _aConstitutional history of India 1600-1950.
260 _aBombay
_bAsia Publishing House
_c1972
300 _a173
650 _aConstitution history of india
690 _aIndian Constitution
906 _a030399
999 _c81533
_d81533